Sociálny štát v Českej republike a Slovenskej republike
Cieľom článku je stručne popísať teoretický rámec konceptu sociálneho štátu a jeho aplikovateľnosť v Českej republike (ČR) a Slovenskej republike (SR), ktoré prešli procesom transformácie na trhovú ekonomiku a procesom európskej integrácie. Budeme sa tiež zaoberať otázkou, do akej miery je možné har...
Salvato in:
| Autore principale: | |
|---|---|
| Natura: | Capitolo di libro |
| Lingua: | slovacco |
| Soggetti: | |
| Tags: |
Nessun Tag, puoi essere il primo ad aggiungerne!!
|
MARC
| LEADER | 00000naa$a2200000$$$4500 | ||
|---|---|---|---|
| 001 | 0290342 | ||
| 005 | 20240502074447.8 | ||
| 041 | 0 | |a slo | |
| 044 | |a SK | ||
| 245 | 1 | 0 | |a Sociálny štát v Českej republike a Slovenskej republike |c Tatiana Damašková |
| 520 | |a Cieľom článku je stručne popísať teoretický rámec konceptu sociálneho štátu a jeho aplikovateľnosť v Českej republike (ČR) a Slovenskej republike (SR), ktoré prešli procesom transformácie na trhovú ekonomiku a procesom európskej integrácie. Budeme sa tiež zaoberať otázkou, do akej miery je možné harmonizovať sociálne politiky členských štátov EÚ. | ||
| 610 | 2 | 0 | |a štát sociálny |
| 610 | 2 | 0 | |a politika sociálna |
| 610 | 2 | 0 | |a vláda |
| 610 | 2 | 0 | |a Česko |
| 610 | 2 | 0 | |a Slovensko |
| 610 | 2 | 0 | |a Európska únia |
| 100 | 1 | |a Damašková, Tatiana, 1969- | |